000 00308nam a22001337a 4500
008 181203b xxu||||| |||| 00| 0 eng d
020 _a9781587787133
041 _aeng
080 _29th
_a336
100 _a56
101 _aFIN
245 _aBusiness Organization and Finance
_cKlein,W,A
942 _2udc
_cBK
999 _c52739
_d52739